AH International Schools' Libraries

Panchatantra: Hindu fables (KHMER) / (Record no. 50385)

MARC details
000 -LEADER
fixed length control field 00284nam a2200109 4500
020 ## - INTERNATIONAL STANDARD BOOK NUMBER
International Standard Book Number 9789996305801
100 ## - MAIN ENTRY--PERSONAL NAME
Personal name Em, Pesey
9 (RLIN) 87168
245 ## - TITLE STATEMENT
Title Panchatantra: Hindu fables (KHMER) /
Statement of responsibility, etc Pesey Em
260 ## - PUBLICATION, DISTRIBUTION, ETC. (IMPRINT)
Place of publication, distribution, etc Cambodia
Name of publisher, distributor, etc Sipar
Date of publication, distribution, etc 2022
300 ## - PHYSICAL DESCRIPTION
Extent 39 p.
Other physical details col. ill.
Dimensions 2022
942 ## - ADDED ENTRY ELEMENTS (KOHA)
Source of classification or shelving scheme
Koha item type Book
Holdings
Withdrawn status Lost status Source of classification or shelving scheme Damaged status Not for loan Collection code Home library Current library Date acquired Total Checkouts Full call number Barcode Date last seen Price effective from Koha item type
          Siem Riep Asian Hope Primary Library Asian Hope Primary Library 04/09/2026   KHMER J FIC EM 209395 04/09/2026 04/09/2026 Book

For any Logos Library related questions please contact Miss Art at swongnarasuk@asianhope.org.

For any Asian Hope Library related questions please contact Miss Raza at graza@asianhope.org.

Powered by Koha